Historische und poetische Voraussetzungen der Heidelberger Romantik

Gespeichert in:
Bibliographische Detailangaben
1. Verfasser: Strack, Friedrich (VerfasserIn)
Dokumenttyp: Article (Journal)
Sprache:Deutsch
Veröffentlicht: 2008
In: Heidelberger Jahrbücher
Year: 2007, Jahrgang: 51, Pages: 23-40
DOI:10.11588/DIGLIT.11459.5
Online-Zugang:Verlag, lizenzpflichtig, Volltext: https://doi.org/10.11588/DIGLIT.11459.5
Verlag, lizenzpflichtig, Volltext: https://digi.ub.uni-heidelberg.de/diglit/hdjb2007/0042
Volltext
Verfasserangaben:Friedrich Strack

MARC

LEADER 00000caa a2200000 c 4500
001 1831412349
003 DE-627
005 20230710170518.0
007 cr uuu---uuuuu
008 230118s2008 xx |||||o 00| ||ger c
024 7 |a 10.11588/DIGLIT.11459.5  |2 doi 
035 |a (DE-627)1831412349 
035 |a (DE-599)KXP1831412349 
035 |a (OCoLC)1389824800 
040 |a DE-627  |b ger  |c DE-627  |e rda 
041 |a ger 
084 |a 53  |2 sdnb 
100 1 |a Strack, Friedrich  |d 1939-2013  |e VerfasserIn  |0 (DE-588)129079200  |0 (DE-627)388710861  |0 (DE-576)216338441  |4 aut 
245 1 0 |a Historische und poetische Voraussetzungen der Heidelberger Romantik  |c Friedrich Strack 
264 1 |c 2008 
300 |a 18 
336 |a Text  |b txt  |2 rdacontent 
337 |a Computermedien  |b c  |2 rdamedia 
338 |a Online-Ressource  |b cr  |2 rdacarrier 
500 |a Gesehen am 18.01.2023 
773 0 8 |i Enthalten in  |t Heidelberger Jahrbücher  |d Heidelberg : [Verlag nicht ermittelbar], 1957  |g 51.2007(2008), Seite 23-40  |h Online-Ressource  |w (DE-627)363777091  |w (DE-600)2109358-1  |w (DE-576)104872543  |7 nnas  |a Historische und poetische Voraussetzungen der Heidelberger Romantik 
773 1 8 |g volume:51  |g year:2007  |g pages:23-40  |g extent:18  |a Historische und poetische Voraussetzungen der Heidelberger Romantik 
776 0 8 |i Erscheint auch als  |n Druck-Ausgabe  |a Strack, Friedrich, 1939 - 2013  |t Historische und poetische Voraussetzungen der Heidelberger Romantik  |d 2008  |w (DE-627)574026126  |w (DE-576)499148010 
856 4 0 |u https://doi.org/10.11588/DIGLIT.11459.5  |x Verlag  |x Resolving-System  |z lizenzpflichtig  |3 Volltext 
856 4 0 |u https://digi.ub.uni-heidelberg.de/diglit/hdjb2007/0042  |x Verlag  |z lizenzpflichtig  |3 Volltext 
951 |a AR 
992 |a 20230118 
993 |a Article 
994 |a 2008 
998 |g 129079200  |a Strack, Friedrich  |m 129079200:Strack, Friedrich  |d 90000  |e 90000PS129079200  |k 0/90000/  |p 1  |x j  |y j 
999 |a KXP-PPN1831412349  |e 4249515532 
BIB |a Y 
SER |a journal 
JSO |a {"id":{"doi":["10.11588/DIGLIT.11459.5"],"eki":["1831412349"]},"note":["Gesehen am 18.01.2023"],"relHost":[{"id":{"eki":["363777091"],"issn":["2509-2464"],"uri":["urn:nbn:de:bsz:16-diglit-22257"],"zdb":["2109358-1"]},"disp":"Historische und poetische Voraussetzungen der Heidelberger RomantikHeidelberger Jahrbücher","name":{"displayForm":["hrsg. von der Universitäts-Gesellschaft Heidelberg"]},"title":[{"title":"Heidelberger Jahrbücher","title_sort":"Heidelberger Jahrbücher"}],"pubHistory":["1.1957-Band 55"],"part":{"pages":"23-40","volume":"51","extent":"18","text":"51.2007(2008), Seite 23-40","year":"2007"},"physDesc":[{"extent":"Online-Ressource"}],"corporate":[{"display":"Universitäts-Gesellschaft Heidelberg","role":"isb"}],"language":["ger"],"origin":[{"publisher":"[Verlag nicht ermittelbar] ; Springer","dateIssuedDisp":"1957-2013","dateIssuedKey":"1957","publisherPlace":"Heidelberg ; Berlin ; Heidelberg"}],"type":{"bibl":"periodical","media":"Online-Ressource"},"recId":"363777091"}],"origin":[{"dateIssuedDisp":"2008","dateIssuedKey":"2008"}],"language":["ger"],"name":{"displayForm":["Friedrich Strack"]},"title":[{"title_sort":"Historische und poetische Voraussetzungen der Heidelberger Romantik","title":"Historische und poetische Voraussetzungen der Heidelberger Romantik"}],"physDesc":[{"extent":"18 S."}],"recId":"1831412349","type":{"bibl":"article-journal","media":"Online-Ressource"},"person":[{"family":"Strack","display":"Strack, Friedrich","given":"Friedrich","role":"aut"}]} 
SRT |a STRACKFRIEHISTORISCH2008